| 000 | 00893cam a2200277 a 4500 | ||
|---|---|---|---|
| 001 | 3261924 | ||
| 003 | OSt | ||
| 005 | 20221027102737.0 | ||
| 008 | 810728s1981 enk b 001 0 eng | ||
| 010 | _a 81047066 | ||
| 015 | _aGB*** | ||
| 020 | _a1783592715 | ||
| 040 |
_aDLC _cDLC _dDLC |
||
| 050 | 0 | 0 |
_aBS2397 _b.G84 1981 |
| 082 | 0 | 0 |
_a230/.044 _219 |
| 100 | 1 |
_aGuthrie, Donald, _d1916-1992. |
|
| 245 | 1 | 0 |
_aNew Testament theology / _cDonald Guthrie. |
| 260 |
_aLeicester, England ; _aDowners Grove, Ill. : _bInter-Varsity Press, _c1981. |
||
| 300 |
_a1064 p. ; _c24 cm. |
||
| 500 | _aIncludes indexes. | ||
| 504 | _aBibliography: p. 983-1019. | ||
| 630 | 0 | 0 |
_aBible. _pNew Testament _xTheology. |
| 856 | 4 | 2 |
_3Contributor biographical information _uhttp://www.loc.gov/catdir/enhancements/fy1007/81047066-b.html |
| 906 |
_a7 _bcbc _corignew _d2 _eocip _f19 _gy-gencatlg |
||
| 942 |
_2lcc _cBK |
||
| 999 |
_c19709 _d19708 |
||